00584nam a22001577a 450000500170000001000150001702000300003203500140006203700130007608200100008910000250009924500660012426000940019027000630028430000790034720210330132907.0 aENG-129327 c110.00a978-81-230-1679-5 aEN-112859 bDBAD/PUB a523.7 aRajan, Mohan Sundara aSurya: Solar Explorations Since Galileo/bMohan Sundara Rajan aNew DelhibPublication Division, Min of Information and Broadcasting, Govt of Indiac2012 bNew DelhiaSoochna Bhavan, CGO Complex, Lodhi Roade110003 a122p.c24cm(pbk)bIncluding illustrations, and bibliographical references.